00493nam a2200157Ia 4500008004100000041000800041082001700049100001800066245002200084250001400106260003200120300003200152365001100184999001700195952012300212240624s9999 xx 000 0 und d aeng a658.4012 DIX aDIXIT AVINASH aGAMES OF STRATEGY a(3rd ed.) c2010aNew DelhibViva Books axxii, : 794 : p. : cm. ; 24 cRSb33 c15616d15616 00104070aIMTNbIMTNcRack 28-Bd2010-09-08eAPg595.00o658.4012 DIXp15616r2024-06-24 00:00:00t1w2024-06-24yBK